Name all the countries with a population of 2.0 - 4.9 Million (n=26) - Statistics

General Stats
  • This quiz has been taken 12 times
  • The average score is 19 of 26
Answer Stats
Hint Answer % Correct
17 Moldova
100%
24 Slovenia
100%
1 Albania
92%
6 Croatia
92%
14 Lithuania
92%
15 Macedonia
92%
2 Armenia
83%
8 Georgia
83%
10 Jamaica
83%
12 Lesotho
83%
20 New Zealand
83%
23 Qatar
83%
7 Gabon
75%
9 Ireland
75%
11 Kuwait
75%
22 Panama
75%
25 The Gambia
75%
19 Namibia
67%
13 Liberia
58%
18 Mongolia
58%
26 Uruguay
58%
4 Botswana
50%
16 Mauritania
50%
5 Central African Republic
33%
21 Palestine
33%
3 Bosnia and Herzegovina
17%
No matching quizzes found
Score Distribution
Percent of People with Each Score
Percentile by Number Answered
Your Score History
You have not taken this quiz